| 000 | 01091cam a2200289 a 4500 | ||
|---|---|---|---|
| 001 | 14977259 | ||
| 005 | 20160811120205.0 | ||
| 008 | 070823s2008 flua b 001 0 eng | ||
| 010 | _a2007035134 | ||
| 020 | _a9780849385322 (hardcover : alk. paper) | ||
| 020 | _a0849385326 (hardcover : alk. paper) | ||
| 040 |
_aDLC _cDLC _dDLC |
||
| 050 | 0 | 0 |
_aTA658.44 _b.C44 2008 |
| 082 | 0 | 0 |
_a624.1762 _222 _bCHE |
| 100 | 1 |
_aCheng, Franklin Y. _95068 |
|
| 245 | 1 | 0 |
_aSmart Structures : _bInnovative Systems for Seismic Response Control / _cFranklin Y. Cheng, Hongping Jiang, and Kangyu Lou. |
| 260 |
_aBoca Raton : _bCRC Press/Taylor & Francis Group, _cc2008. |
||
| 300 |
_axviii, 652 p. : _bill. ; _c24 cm. |
||
| 504 | _aIncludes bibliographical references and index. | ||
| 650 | 0 |
_aSmart structures. _95070 |
|
| 650 | 0 |
_aSmart materials. _95071 |
|
| 650 | 0 |
_95069 _aEarthquake resistant design |
|
| 700 | 1 |
_aJiang, Hongping. _95072 |
|
| 700 | 1 |
_aLou, Kangyu. _95073 |
|
| 942 |
_2ddc _cBB |
||
| 999 |
_c11603 _d11603 |
||